Anti-fatigue design and manufacturing technologies (Record no. 195825)
[ view plain ]
| 000 -LEADER | |
|---|---|
| fixed length control field | 01409nam a2200337 a 4500 |
| 245 00 - TITLE STATEMENT | |
| Title | Anti-fatigue design and manufacturing technologies |
| 260 ## - PUBLICATION, DISTRIBUTION, ETC. (IMPRINT) | |
| Place of publication | Durnten-Zurich, Switzerland : |
| Name of publisher | Trans Tech Publications, |
| Year of publication | 2012. |
| 300 ## - PHYSICAL DESCRIPTION | |
| Number of Pages | a-c, 403 p. : |
| Other physical details | ill. |
| 500 ## - GENERAL NOTE | |
| General note | "Special topic volume with invited peer reviewed papers only." |
| 650 #0 - SUBJECT ADDED ENTRY--TOPICAL TERM | |
| Topical Term | Engineering design |
| Topical Term | Manufacturing processes |
| Topical Term | Technology |
| 700 1# - ADDED ENTRY--PERSONAL NAME | |
| Personal name | Zuo, Dunwen. |
| 856 40 - ELECTRONIC LOCATION AND ACCESS | |
| Uniform Resource Identifier | http://site.ebrary.com/lib/rucke/Doc?id=10604214 |
No items available.
